000 00294nam a2200109Ia 4500
008 171211s9999 xx 000 0 und d
245 4 _aThe Surrender: An Erotic Memoir
245 _cToni Bentley
260 _c2004
650 _xBiography
856 _uhttp://down.ebook777.com/060/0060732466.pdf
999 _c349960
_d349960